Online Catalogue and eLibrary

Protection of minority rights and diversity / (Record no. 212)

MARC details
000 -LEADER
fixed length control field 00647cam a2200217 a 4500
001 - CONTROL NUMBER
control field 14124224
005 - DATE AND TIME OF LATEST TRANSACTION
control field 20240129061223.0
008 - FIXED-LENGTH DATA ELEMENTS--GENERAL INFORMATION
fixed length control field 050929s2004 ce b 100 0 eng
020 ## - INTERNATIONAL STANDARD BOOK NUMBER
ISBN 9555800928
040 ## - CATALOGING SOURCE (பட்டியலாக்க மூலம்)
Original cataloging agency DLC
Transcribing agency DLC
082 ## - DDC Classification
DDC Edition Number 22
Class No. 305.8.
245 10 - TITLE STATEMENT
Title Protection of minority rights and diversity /
Statement of responsibility, etc. edited by Nanda P. Wanasundera.
260 ## - PUBLICATION, DISTRIBUTION, ETC.
Place of publication, distribution, etc. Colombo :
Name of publisher, distributor, etc. International Centre for Ethnic Studies,
Date of publication, distribution, etc. 2004.
300 ## - PHYSICAL DESCRIPTION
Extent (e.g. Volumes, Pages etc.) xviii, 421 p. ;
650 #0 - SUBJECT ADDED ENTRY--TOPICAL TERM
Topical term or geographic name entry element Minorities
650 #0 - SUBJECT ADDED ENTRY--TOPICAL TERM
Topical term or geographic name entry element Ethnic groups
650 #0 - SUBJECT ADDED ENTRY--TOPICAL TERM
Topical term or geographic name entry element Representative government and representation
650 #0 - SUBJECT ADDED ENTRY--TOPICAL TERM
Topical term or geographic name entry element Multiculturalism
700 1# - ADDED ENTRY--PERSONAL NAME
Personal name Wanasundera, Nanda P.
Relator term (Role) Editor
942 ## - Koha item type (Biblio)
Koha item type Books in Stacks (Lending)
Holdings
Lost status Damaged status Collection code Home library Current library Date acquired Full call number Accession Number Item type
    Lending WERC Library WERC Library 01/29/2024 305.8. 6596 Books in Stacks (Lending)

© WERC Library